| 000 | 00599nam a2200205 a 4500 | ||
|---|---|---|---|
| 005 | 20140310183455.0 | ||
| 008 | 090803s19uu xx 00 eng d | ||
| 020 | _a1591397669 | ||
| 050 |
_aHF 5415.129 _b.R36 2006 |
||
| 100 | _aRangan, Kasturi V. | ||
| 245 | _aTransforming your go-to-market strategy. / | ||
| 260 |
_aBoston : _bHarvard Business School Press, _c2006. |
||
| 300 |
_a289 p. : _c25 cm. |
||
| 521 | _aBSBA | ||
| 650 |
_aMarketing channels _xManagement. |
||
| 650 | _aBusiness logistics. | ||
| 650 | _aPhysical distribution of goods. | ||
| 942 |
_cBK _2lcc _kFOR |
||
| 999 |
_c23564 _d23564 |
||